حادي الأرواح إلى بلاد الأفراح / (رقم التسجيلة. 7649)

تفاصيل مارك
000 -الفاتح
حقل البيانات ثابتة الطول 00816cam a2200193 a 4500
003 - محدد رقم الضبط
رقم الضبط SA-RiAUC
005 - وقت وتاريخ اخر تعامل مع التسجيلة
رقم الضبط 20150408113825.0
008 - عناصر البيانات ثابتة الطول - معلومات عامة
حقل البيانات ثابتة الطول 970806s1980 ua g 00000 ara c
040 ## - مصدر الفهرسة
وكالة الفهرسة الأصلية mu
لغة الفهرسة ara
وكالة النسخ mb
082 04 - رقم تصنيف ديوى العشرى
رقم التصنيف 243 ج ق ح
رقم الطبعة 21
100 1# - المدخل الرئيسى - إسم شخصى
الإسم الشخصى ابن قيم الجوزية، محمد بن أبي بكر بن أيوب،
التواريخ المصاحبة للاسم 691-751 هـ.
9 (RLIN) 220
245 10 - بيان العنوان
العنوان حادي الأرواح إلى بلاد الأفراح /
بيان المسئوليه,etc تأليف شمس الدين أبي عبد الله محمد بن أبي بكر بن أيوب بن قيم الجوزية؛ تحقيق فواز احمد زمرلي ، فاروق حسن الترك
250 ## - بيان الطبعة
بيان الطبعة ط. 1.
260 ## - PUBLICATION, DISTRIBUTION, ETC. (IMPRINT)
مكان الناشر او الموزع بيروت
اسم الناشر او الموزع دار بن حزم
تاريخ النشر أو التوزيع 2004
300 ## - الوصف المادى
التعداد 781 ص. ؛
أبعاد الوعاء 24 سم.
650 #7 - المدخل الاضافى بالموضوع-مصطلح موضوعى
مصطلح موضوعي أو اسم جغرافي كعنصر مدخل الروح
مصدر الرأس أو المصطلح aucsh
9 (RLIN) 221
650 #7 - المدخل الاضافى بالموضوع-مصطلح موضوعى
مصطلح موضوعي أو اسم جغرافي كعنصر مدخل الجنة
مصدر الرأس أو المصطلح aucsh
9 (RLIN) 222
942 ## - عناصر المدخل الإضافي( كوها)
مصدر التصنيف او مخطط الترفيف Dewey Decimal Classification
Koha [default] item type كتاب
المقتنيات
حالة الفقد نموذج السعر الفعال حالة تلف ليس للاعارة رقم الطلب تاريخ الاكتساب الموقع الحالي الباركود الفرع الرئيسي Date last seen نوع المادة فى نظام كوها مصدر التصنيف او خطة الترفيف Total Checkouts Date last checked out
  2013-03-10     243 ق ج ح 2011-06-09 المكتبة المركزية بالمجمعة (CL) 00062911 المكتبة المركزية بالمجمعة (CL) 2013-03-10 كتاب Dewey Decimal Classification    
  2013-03-10     243 ق ج ح 2011-06-09 المكتبة المركزية بالمجمعة (CL) 00062910 المكتبة المركزية بالمجمعة (CL) 2013-03-10 كتاب Dewey Decimal Classification    
  2013-03-10     243 ق ج ح 2011-06-09 المكتبة المركزية بالمجمعة (CL) 00062909 المكتبة المركزية بالمجمعة (CL) 2013-03-10 كتاب Dewey Decimal Classification    
  2013-03-10     243 ج ق ح 2011-08-03 المكتبة المركزية بالمجمعة (CL) 00022242 مكتبة مجمع الطالبات بالمجمعة (EMF) 2025-02-27 كتاب Dewey Decimal Classification 1 2024-05-21